000 00554nam a22002177a 4500
999 _c7559
_d7559
001 7559
003 BD-JhCC
005 20180211175728.0
008 180211b1991 bg ||||| |||| 00| 0 ben d
035 _a(BD-JhCC)7559
040 _aBD-JhCC
_dBD-JhCC
041 _aben
082 _a500.1
_bALI 1991
100 _aআসগর, আলী
245 _aবিজ্ঞান আন্দোলন /
_c আলী আসগর
260 _aঢাকা :
_c1991
300 _a84 p. :
_c22 cm.
650 _aScience
942 _2ddc
_cBK